| 000 | 00390nam a2200169Ia 4500 | ||
|---|---|---|---|
| 008 | 210210b1913 xxu||||| |||| 00| 0 eng d | ||
| 041 | _aeng | ||
| 082 | _a590/201 | ||
| 100 | _aLULHAM (R) | ||
| 245 | _aIntroduction to zoology | ||
| 260 |
_aLondon _bMacmillan & Co. Ltd. _c1913 |
||
| 650 | _azoology | ||
| 650 | _ato | ||
| 650 | _aIntroduction | ||
| 690 | _aZoology | ||
| 906 | _a010773 | ||
| 999 |
_c138663 _d138663 |
||